000 00690nam a22002297a 4500
999 _c5587
_d5587
003 AR-CdUCM
008 190312b ||||| |||| 00| 0 spa d
040 _aMUNICIPALIDAD PROVINCIAL DEL CUSCO
_cBIBLIOTECA MUNICIPAL DEL CUSCO
082 _a869.56 /
_bC79
100 _aCorcuera, Arturo
_94604
245 _aNoé Delirante /
260 _aLima :
_bEdic. de la Ruma Florida,
_c1963.
300 _a44 paginas ;
_bIlustraciones,
_c21 cm
500 _aDonación familia Nieto
505 _aContenido :Fabulas /
650 _aCuentos Infantiles
_93830
650 _aLiteratura
_983
650 _aFabulas
_94606
650 _aGrandes historias
_94607
942 _2ddc
_cLIBROS
945 _arjall